Derecho administrativo / (Record no. 2762)
[ view plain ]
| 000 -LEADER | |
|---|---|
| fixed length control field | 00594nam a22002055a 4500 |
| 001 - CONTROL NUMBER | |
| control field | 10679 |
| 005 - DATE AND TIME OF LATEST TRANSACTION | |
| control field | 20150723045145.0 |
| 008 - FIXED-LENGTH DATA ELEMENTS--GENERAL INFORMATION | |
| fixed length control field | 060717s2004 ag g 000 0 spa d |
| 020 ## - INTERNATIONAL STANDARD BOOK NUMBER | |
| International Standard Book Number | 9875072818 |
| 020 ## - INTERNATIONAL STANDARD BOOK NUMBER | |
| International Standard Book Number | 8495823675 |
| 082 14 - DEWEY DECIMAL CLASSIFICATION NUMBER | |
| Classification number | 342 |
| Edition number | 14 |
| 100 1# - MAIN ENTRY--PERSONAL NAME | |
| Personal name | Dromi, Roberto |
| 9 (RLIN) | 3067 |
| 245 10 - TITLE STATEMENT | |
| Title | Derecho administrativo / |
| Statement of responsibility, etc | Roberto Dromi. |
| 250 ## - EDITION STATEMENT | |
| Edition statement | 10a ed. actualizada. |
| 260 ## - PUBLICATION, DISTRIBUTION, ETC. (IMPRINT) | |
| Place of publication, distribution, etc | Buenos Aires : |
| Name of publisher, distributor, etc | Ciudad Argentina, |
| Date of publication, distribution, etc | 2004. |
| 300 ## - PHYSICAL DESCRIPTION | |
| Extent | 1630 p. ; |
| Dimensions | 24 cm. |
| 650 10 - SUBJECT ADDED ENTRY--TOPICAL TERM | |
| Topical term or geographic name as entry element | DERECHO ADMINISTRATIVO |
| 9 (RLIN) | 2244 |
| 942 ## - ADDED ENTRY ELEMENTS (KOHA) | |
| Source of classification or shelving scheme | Dewey Decimal Classification |
| Item type | Libro, folleto, traducción |
| 990 ## - EQUIVALENCES OR CROSS-REFERENCES [LOCAL, CANADA] | |
| Link information for 9XX fields | Universidad Nacional del Centro - Biblioteca Central |
| Withdrawn status | Lost status | Source of classification or shelving scheme | Damaged status | Not for loan | Home library | Current library | Date acquired | Source of acquisition | Total Checkouts | Full call number | Barcode | Date last seen | Price effective from | Koha item type |
|---|---|---|---|---|---|---|---|---|---|---|---|---|---|---|
| Dewey Decimal Classification | Biblioteca Central | Biblioteca Central | 23/07/2015 | Donación | 342 DRO 10a.ed. | UNAJ15070485 | 09/03/2017 | 23/07/2015 | Libro, folleto, traducción |